[Event "Jacques Jaudran mem-A corr"]
[Site "France AJEC"]
[Date "2004.01.15"]
[Round "?"]
[White "Muneret, Maurice"]
[Black "Ricard, Jean Louis"]
[Result "1-0"]
[WhiteElo "2389"]
[BlackElo "2274"]
[PlyCount "79"]
[EventDate "2004.??.??"]
[EventType "tourn (corr)"]
[EventRounds "14"]
[EventCountry "FRA"]
[SourceTitle "Corr 2011"]
[Source "ChessBase"]
[SourceDate "2010.08.31"]
[SourceVersion "1"]
[SourceVersionDate "2010.08.31"]
[SourceQuality "1"]

1. e4 e6 2. d4 d5 3. Nc3 Nf6 4. e5 Nfd7 5. f4 c5 6. Nf3 Nc6 7. Be3 cxd4 8. Nxd4 Bc5 9. Qd2 0-0 10. 0-0-0 Bxd4 11. Bxd4 a6 12. h4 b5 13. h5 b4 14. Ne2 a5 15. Kb1 Ba6 16. h6 g6 17. Bf2 a4 18. Nd4 Nxd4 19. Bxd4 Bxf1 20. Rhxf1 Qe7 21. g4 Rfc8 22. f5 b3 23. cxb3 axb3 24. a3 Rc2 25. Qf4 Ra4 26. fxg6 fxg6 27. Qf3 Rcc4 28. Qe3 Qh4 29. Qf4 Qe7 30. Rf3 Ra8 31. Rxb3 Rf8 32. Qe3 Qh4 33. Rg1 Rc7 34. Ka2 Rf7 35. Rb4 Qd8 36. Rc1 Rxc1 37. Qxc1 Nf8 38. Bc5 Qc8 39. Qe3 Nd7 40. Bd6 1-0

[Event "Jacques Jaudran mem-A corr"]
[Site "France AJEC"]
[Date "2004.01.15"]
[Round "?"]
[White "Ricard, Jean Louis"]
[Black "Nguyen Legros, Alain"]
[Result "1/2-1/2"]
[WhiteElo "2274"]
[BlackElo "2000"]
[PlyCount "143"]
[EventDate "2004.??.??"]
[EventType "tourn (corr)"]
[EventRounds "14"]
[EventCountry "FRA"]
[SourceTitle "Corr 2011"]
[Source "ChessBase"]
[SourceDate "2010.08.31"]
[SourceVersion "1"]
[SourceVersionDate "2010.08.31"]
[SourceQuality "1"]

1. d4 Nf6 2. c4 e6 3. Nf3 b6 4. g3 Ba6 5. Nbd2 Bb7 6. Bg2 Be7 7. 0-0 0-0 8. b3 c5 9. dxc5 bxc5 10. Bb2 d6 11. Qc2 Qc7 12. Ng5 Nbd7 13. Bxb7 Qxb7 14. Rad1 Rfb8 15. f4 a5 16. e4 Ne8 17. Bc3 Qc6 18. a4 Bxg5 19. fxg5 f6 20. Rde1 e5 21. Qd1 fxg5 22. Qg4 Nef6 23. Qxg5 Rf8 24. Re2 Rf7 25. Ref2 Qc7 26. Kh1 Raf8 27. Qh4 h6 28. Kg1 Nb8 29. Qh3 Nc6 30. Qf5 Qb6 31. Qe6 Qd8 32. h4 Nd4 33. Bxd4 exd4 34. e5 dxe5 35. Qxe5 Qe7 36. Rf5 Nd7 37. Qxe7 Rxe7 38. Rd5 Rxf1+ 39. Kxf1 Kf7 40. Rd6 Ne5 41. Ra6 Nd3 42. Nf3 Re3 43. Kg2 Re2+ 44. Kg1 Rb2 45. Rxa5 Rb1+ 46. Kg2 Rxb3 47. g4 Nf4+ 48. Kg3 Ne6 49. Kf2 Kf6 50. Rb5 Rc3 51. Nd2 Rc2 52. Ke1 d3 53. a5 Nf4 54. g5+ hxg5 55. hxg5+ Kxg5 56. Rxc5+ Kg4 57. Kd1 g5 58. Re5 Ne2 59. Ke1 Nc3 60. Re8 Kh3 61. Nf1 Ra2 62. c5 Rxa5 63. c6 Rc5 64. Kd2 Rxc6 65. Rh8+ Kg2 66. Ne3+ Kg3 67. Kxd3 Nb5 68. Rh1 Rd6+ 69. Ke4 Re6+ 70. Kf5 Nd4+ 71. Kxg5 Rxe3 72. Rd1 1/2-1/2

[Event "SEMI French MacCutcheon (B) email"]
[Site "SEMI email"]
[Date "2003.03.24"]
[Round "?"]
[White "Elburg, John"]
[Black "Ricard, Jean Louis"]
[Result "1/2-1/2"]
[WhiteElo "2330"]
[BlackElo "2347"]
[PlyCount "108"]
[EventDate "2003.03.24"]
[EventType "tourn (corr)"]
[EventRounds "10"]
[EventCountry "ITA"]
[SourceTitle "Corr 2008"]
[Source "ChessBase"]
[SourceDate "2008.06.24"]
[SourceVersion "1"]
[SourceVersionDate "2008.06.24"]
[SourceQuality "1"]

1. e4 e6 2. d4 d5 3. Nc3 Nf6 4. Bg5 Bb4 5. e5 h6 6. Bd2 Bxc3 7. bxc3 Ne4 8. Qg4 g6 9. Bd3 Nxd2 10. Kxd2 c5 11. Nf3 Qa5 12. h4 b6 13. Qf4 Nd7 14. Rhb1 a6 15. g4 Bb7 16. a4 Ke7 17. Ra3 cxd4 18. Nxd4 Qc5 19. Rab3 Rag8 20. Rxb6 Nxb6 21. a5 Qxa5 22. Qf6+ Kd7 23. Qxf7+ Kc8 24. Qxe6+ Nd7 25. Nc6 Qc5 26. Ne7+ Kc7 27. Nxg8 Rxg8 28. Qxg8 Qxf2+ 29. Be2 Nxe5 30. Rxb7+ Kxb7 31. Qg7+ Nf7 32. Qxg6 Qf4+ 33. Kd1 Nd6 34. Qd3 Ne4 35. Qxd5+ Kb8 36. Qd4 Kc7 37. Bxa6 Qxg4+ 38. Kc1 Qxh4 39. Kb2 Qf6 40. Qa7+ Kd6 41. Qb8+ Ke6 42. Bc8+ Kf7 43. Qb7+ Qe7 44. Qd5+ Kg7 45. Bf5 Nf6 46. Qf3 Qe5 47. Qb7+ Kf8 48. Bg6 Qd5 49. Qxd5 Nxd5 50. c4 Nf4 51. Be4 Ke7 52. Kc3 Kd6 53. Kd4 Ne6+ 54. Ke3 Kc5 1/2-1/2

[Event "AJEC-ch fin email"]
[Site "France"]
[Date "2001.??.??"]
[Round "?"]
[White "Le Duigou, Jean Guy"]
[Black "Ricard, Jean Louis"]
[Result "1/2-1/2"]
[WhiteElo "2250"]
[BlackElo "2146"]
[PlyCount "86"]
[EventDate "2001.??.??"]
[EventType "tourn (corr)"]
[EventRounds "15"]
[EventCountry "FRA"]
[SourceTitle "Corr 2004"]
[Source "ChessBase"]
[SourceDate "2003.04.28"]
[SourceVersion "3"]
[SourceVersionDate "2003.04.28"]
[SourceQuality "1"]

1. c4 f5 2. Nc3 Nf6 3. d4 e6 4. e3 Be7 5. Bd3 0-0 6. Nf3 b6 7. 0-0 Bb7 8. b3 a5 9. Bb2 Na6 10. a3 Ne4 11. Qc2 Nxc3 12. Bxc3 Bxf3 13. gxf3 Bf6 14. f4 c5 15. Qb2 cxd4 16. Bxd4 Nc5 17. Bc2 d5 18. Rad1 Bxd4 19. Qxd4 dxc4 20. Qxc4 Qe8 21. Qe2 Rc8 22. Rd6 Rc6 23. Rfd1 Nb7 24. R6d4 Qg6+ 25. Kh1 Rc3 26. Rc4 Qf6 27. Rdd4 Rc8 28. Rxc3 Rxc3 29. Bd1 Rc1 30. Qa6 Nc5 31. Qxb6 Qh4 32. Qd8+ Qxd8 33. Rxd8+ Kf7 34. Kg2 Ke7 35. Rd4 Rb1 36. b4 axb4 37. axb4 Na6 38. b5 Rxb5 39. Be2 Ra5 40. Bxa6 Rxa6 41. Rb4 Ra7 42. Rb8 h6 43. h4 Kf7 1/2-1/2

[Event "AJEC-ch fin email"]
[Site "France"]
[Date "2001.??.??"]
[Round "?"]
[White "Thimognier, Dominique"]
[Black "Ricard, Jean Louis"]
[Result "0-1"]
[WhiteElo "2425"]
[BlackElo "2146"]
[PlyCount "64"]
[EventDate "2001.??.??"]
[EventType "tourn (corr)"]
[EventRounds "15"]
[EventCountry "FRA"]
[SourceTitle "Corr 2004"]
[Source "ChessBase"]
[SourceDate "2003.04.28"]
[SourceVersion "3"]
[SourceVersionDate "2003.04.28"]
[SourceQuality "1"]

1. Nf3 f5 2. d3 Nf6 3. e4 fxe4 4. dxe4 Nxe4 5. Bd3 Nf6 6. Ng5 c6 7. c3 d6 8. Qc2 g6 9. h4 Qa5 10. h5 gxh5 11. Bxh7 Kd7 12. Bg6 Kc7 13. Be3 Rg8 14. Nd2 Nd5 15. Ndf3 Nxe3 16. fxe3 Bg4 17. b4 Qb6 18. Nd4 Nd7 19. Nge6+ Bxe6 20. Nxe6+ Kb8 21. Rh3 h4 22. Rd1 a5 23. Rd4 Bh6 24. Bf5 Nf6 25. Rdxh4 Bxe3 26. a4 Nd5 27. Be4 Bg5 28. Nxg5 Qg1+ 29. Kd2 Rxg5 30. b5 Kc7 31. Qd1 Qc5 32. Qf1 Rag8 0-1

[Event "AJEC Gr04 email"]
[Site "France"]
[Date "2000.??.??"]
[Round "?"]
[White "Langevin, Patricia"]
[Black "Ricard, Jean Louis"]
[Result "0-1"]
[WhiteElo "1850"]
[BlackElo "1850"]
[PlyCount "56"]
[EventDate "2000.03.20"]
[EventType "tourn (corr)"]
[EventRounds "10"]
[EventCountry "FRA"]
[SourceTitle "Corr 2004"]
[Source "ChessBase"]
[SourceDate "2003.04.28"]
[SourceVersion "3"]
[SourceVersionDate "2003.04.28"]
[SourceQuality "1"]

1. d4 f5 2. g3 Nf6 3. Nf3 e6 4. Bg2 d5 5. 0-0 Bd6 6. c4 c6 7. b3 Qe7 8. Nc3 0-0 9. Bg5 Qe8 10. Qd3 Ne4 11. Bf4 Bxf4 12. gxf4 Nd7 13. Rfc1 Rf6 14. a3 Rh6 15. Qe3 b6 16. Nxe4 fxe4 17. Ne5 Bb7 18. cxd5 Nxe5 19. fxe5 exd5 20. b4 Qh5 21. h3 Rg6 22. Rc2 Rf8 23. Kh2 Bc8 24. Rac1 Qh4 25. Rf1 Rxg2+ 26. Kxg2 Rf3 27. exf3 Qxh3+ 28. Kg1 exf3 0-1

[Event "Jacques Jaudran mem prel4 corr"]
[Site "France AJEC"]
[Date "2000.??.??"]
[Round "?"]
[White "Moutardier, Dominique"]
[Black "Ricard, Jean Louis"]
[Result "0-1"]
[WhiteElo "1850"]
[BlackElo "1900"]
[PlyCount "70"]
[EventDate "2000.11.15"]
[EventType "swiss (corr)"]
[EventRounds "8"]
[EventCountry "FRA"]
[SourceTitle "Corr 2004"]
[Source "ChessBase"]
[SourceDate "2003.04.28"]
[SourceVersion "3"]
[SourceVersionDate "2003.04.28"]
[SourceQuality "1"]

1. e4 e5 2. Nf3 Nf6 3. Nxe5 d6 4. Nf3 Nxe4 5. d4 d5 6. Bd3 Bd6 7. 0-0 0-0 8. c4 Nf6 9. c5 Be7 10. Ne5 Nfd7 11. Nf3 b6 12. Nc3 c6 13. cxb6 axb6 14. Re1 Ba6 15. Qa4 Re8 16. Bf4 Nf6 17. Bf1 Qc8 18. Bxb8 b5 19. Qb3 Qxb8 20. Ne5 Bb7 21. Nxb5 cxb5 22. Bxb5 Rc8 23. Nd7 Qd6 24. Rxe7 Qxe7 25. Nb6 Rab8 26. Nxc8 Bxc8 27. a4 Qa7 28. Qe3 h6 29. Rc1 Bd7 30. Qe7 Re8 31. Qc5 Qb7 32. Bxd7 Qxd7 33. Qc2 Qa7 34. Rd1 Qxd4 35. h3 Qb4 0-1

[Event "Jacques Jaudran mem prel4 corr"]
[Site "France AJEC"]
[Date "2000.??.??"]
[Round "?"]
[White "Ricard, Jean Louis"]
[Black "Armand, Loick"]
[Result "1-0"]
[WhiteElo "1900"]
[BlackElo "1848"]
[PlyCount "85"]
[EventDate "2000.11.15"]
[EventType "swiss (corr)"]
[EventRounds "8"]
[EventCountry "FRA"]
[SourceTitle "Corr 2004"]
[Source "ChessBase"]
[SourceDate "2003.04.28"]
[SourceVersion "3"]
[SourceVersionDate "2003.04.28"]
[SourceQuality "1"]

1. f4 d5 2. e3 c5 3. Nf3 Nf6 4. b3 e6 5. Be2 Be7 6. 0-0 0-0 7. Bb2 Nc6 8. Na3 a6 9. c4 b6 10. d3 Bb7 11. Qe1 Qc7 12. Nc2 b5 13. a3 Rfd8 14. cxd5 exd5 15. Rc1 a5 16. Ne5 b4 17. a4 Nxe5 18. fxe5 Nd7 19. Qg3 Rf8 20. Nd4 Qxe5 21. Qxe5 Nxe5 22. Nf5 Bf6 23. Nh6+ gxh6 24. Rxf6 Rfe8 25. Rb6 Ba6 26. Rxa6 Rxa6 27. d4 Rc6 28. Bb5 cxd4 29. Bxc6 Nxc6 30. Rxc6 dxe3 31. Kf1 f5 32. Rf6 Rc8 33. Rxf5 Rc2 34. Bd4 Rc1+ 35. Ke2 Rc2+ 36. Kxe3 Rxg2 37. Kd3 Rxh2 38. Rxd5 Kf7 39. Rxa5 Ke6 40. Ra7 Kd5 41. Rxh7 Rh4 42. Be3 h5 43. a5 1-0

[Event "AJEC Gr04 email"]
[Site "France"]
[Date "2000.??.??"]
[Round "?"]
[White "Ricard, Jean Louis"]
[Black "Dubocage, Claude"]
[Result "1/2-1/2"]
[WhiteElo "1850"]
[BlackElo "2010"]
[PlyCount "80"]
[EventDate "2000.03.20"]
[EventType "tourn (corr)"]
[EventRounds "10"]
[EventCountry "FRA"]
[SourceTitle "Corr 2004"]
[Source "ChessBase"]
[SourceDate "2003.04.28"]
[SourceVersion "3"]
[SourceVersionDate "2003.04.28"]
[SourceQuality "1"]

1. d4 Nf6 2. c4 g6 3. Nc3 d6 4. e4 Bg7 5. Be2 0-0 6. Nf3 c5 7. 0-0 Bg4 8. d5 a6 9. a4 Re8 10. Bf4 b6 11. h3 Bxf3 12. Bxf3 Nbd7 13. Be2 Qc7 14. Qc2 e6 15. Rfe1 exd5 16. cxd5 c4 17. Rac1 Rab8 18. Qb1 b5 19. axb5 axb5 20. b4 Ne5 21. Rc2 Nd3 22. Bxd3 cxd3 23. Rcc1 Qc4 24. Bd2 Ra8 25. Re3 Bh6 26. Rxd3 Bxd2 27. Rxd2 Nxe4 28. Nxe4 Qxe4 29. Qb3 Ra4 30. Rb1 Re5 31. Qb2 Rxd5 32. Rxd5 Qxd5 33. Re1 Ra8 34. Qf6 Qd2 35. Re4 d5 36. Re7 Rf8 37. Qd6 d4 38. f4 Qc1+ 39. Kh2 d3 40. Re4 Qf1 1/2-1/2